Представление документа в формате RUSMARC

ПолеНазваниеЗначение
  Тип записи a
  Библиографический уровень m
001 Контрольный номер RU/УОНБ/EK/697032562
005 Дата корректировки 20240130235721.5
010 Индекс ISBN __
d Цена 40 к.
9 Тираж 500 экз.
100 Данные общей обработки __
a Данные общей обработки 20220201d1987 u y0rusy0189||||ca
101 Язык документа 0_
a Язык текста rus
102 Страна публикации __
a Страна публикации RU
105 Кодированные данные (монография) __
a Кодированные данные (монография) a z 001yy
200 Заглавие и сведения об ответственности 1_
a Заглавие Совершенствование методов планирования использования машинно-тракторного парка
e Сведения, относящиеся к заглавию сб. науч. тр.
f Первые сведения об ответственности Горьков. с.-х. ин-т
g Последующие сведения об ответственности ред. В.Е. Береснев
210 Выходные данные 1_
a Место издания Горький
c Издательство Горьков. СХИ
d Дата издания 1987
215 Физическое описание __
a Объем 62, [1] с.
c Иллюстрации/тип воспроизводства ил.
d Формат 22 см
320 Библиография __
a Библиография Библиогр. в конце ст.
606 Тематические рубрики 0_
a Основная рубрика Машинно-тракторный парк
x Основная подрубрика Организация работы
j Формальный подзаголовок Сборники
606 Тематические рубрики 0_
a Основная рубрика Сельскохозяйственные предприятия
x Основная подрубрика Использование техники
j Формальный подзаголовок Сборники
610 Ключевые слова 0_
a Ключевые слова машинно-тракторный парк
610 Ключевые слова 0_
a Ключевые слова планирование использования
610 Ключевые слова 0_
a Ключевые слова сельскохозяйственные предприятия
a Ключевые слова сборники научных трудов
686 Индексы других классификаций __
a Классификационный индекс 40.72-082
2 Код системы rubbk
702 Вторичная интеллектуальная ответственность _1
a Фамилия Береснев
b Имя (инициалы) В.Е.
4 Код отношения 340
801 Источник записи _0
a Страна RU
b Организация Ульяновская ОНБ
c Дата составления 20220201
g Правила каталогизации RCR
801 Источник записи _1
a Страна RU
b Организация Ульяновская ОНБ
c Дата составления 20220201
g Правила каталогизации RCR
901 Тип документа __
t Тип документа m
909 Создатель записи __
a Создатель записи Богданова
938 Служебная информация __
a Имя БД retro
b Имя библиотеки УОНБ
c Имя АИБС МАРК-SQL
d Номер DOC_ID в БД 391316